Animaux Disney par images - Statistiques

Statistiques générales
  • Ce quiz a été pris 468 fois
    464 depuis la dernière actualisation
  • Le résultat moyen est 40 sur 76
Statistiques - réponses
Par images Réponse % Correct
Nemo - Le monde de nemo
99%
Bambi
98%
Dumbo
98%
Simba - Le roi lion
97%
Mickey
96%
Stitch
92%
Baloo - Le livre de la jungle
87%
Pluto - Mickey
86%
Sven - La reine des neiges
84%
Winnie - Winnie L'ourson
84%
Dory - Le monde de nema
82%
Scar - Le roi lion
81%
Pumba - Le roi lion
80%
Timon -Le roi lion
80%
Porcinet - Winnie L'ourson
79%
Titi - Titi et grosminet
79%
Dingo - Mickey
78%
Nala - Le roi lion
78%
Tic et Tac
78%
Tigrou - Winnie l'ourson
78%
Pan Pan - Bambi
77%
Mufasa - Le roi lion
76%
Volt
76%
Remy - Ratatouille
70%
Clochard - La belle et le clochard
69%
Duchesse - Les aristochats
68%
Polochon - Ariel la petite sirène
68%
Marie - Les aristochats
64%
Pascal - Raiponce
64%
Spirit - L'Etalon des plaines
63%
Bouriquet - Winnie l'ourson
59%
Abu - Aladdin
58%
Arlo - Le voyage d'Arlo
58%
Fleur - Bambi
55%
Gus - Cendrillon
55%
Bugs bunny
53%
Judy Hopps - Zootopia
52%
Rafiki - Le roi lion
52%
Berlioz - Les aristochats
51%
Bip Bip - Bip Bip et le coyote
51%
Kaa - Le livre de la jungle
50%
Lady - La belle et le clochard
50%
Toulouse - Les aristochats
50%
Maximus - Raiponce
49%
Bagheera - Le livre de la jungle
47%
Pongo - les 101 dalmatiens
47%
Hei Hei - Vaiana
45%
Iago - Aladdin
44%
Lucifer - Cendrillon
44%
Shere Khan - Le livre de la jungle
43%
Nick Wilde - Zootopia
42%
Pua - Vaiana
41%
Thomas - Les aristochats
37%
Jack - Cendrillon
36%
Bing Bong - Vice Versa
32%
Jafar - Aladdin
32%
Rajah - Aladdin
32%
Kiara - Le roi lion
30%
Pil Poil - Toy Story
30%
Kévin - La haut
27%
Cheshire - Alice au pays des merveilles
25%
Meeko - Pocahontas
24%
Shenzi - Le roi lion
21%
Si & Am - La belle et le clochard
18%
Sisu - Raya et le dernier dragon
16%
Bouton d'or - Toy Story
14%
Akela - Le livre de la jungle
12%
Frou Frou - Les aristochats
12%
Khan - Mulan
10%
Achille - Le bossu de notre dame
8%
Mittaine - Volt
8%
Rivière - Spirit, L'etalon des plaines
8%
Sitron - La reine des neiges
8%
Bobby - Robin des bois
6%
Major - Cendrillon
6%
Rama - Le livre de la jungle
6%
Aucun quiz correspondant
Distribution des résultats
% des personnes avec chaque résultat
Percentile par nombre de réponses
Votre historique - résultats
Vous n’avez pas pris ce quiz depuis la dernière actualisation